| 000 | 00485nam a22002057a 4500 | ||
|---|---|---|---|
| 999 |
_c11270 _d11270 |
||
| 003 | OSt | ||
| 008 | 220608b ||||| |||| 00| 0 eng d | ||
| 020 | _a9789332518667 | ||
| 082 | _a005.453 AHC | ||
| 100 | _aAHO, Alfred V | ||
| 245 | _aCOMPILERS: Principles, Techniques, and Tool | ||
| 250 | _a2nd | ||
| 260 |
_aNoida _bPearson _c2022 |
||
| 300 | _a948 | ||
| 650 | _aCSE | ||
| 700 | _aLAM, Monica S | ||
| 700 | _aSETHI, Ravi | ||
| 700 | _aULLMAN, jeffrey D | ||
| 942 |
_2ddc _cBK |
||